| 000 | 00422nam a2200181Ia 4500 | ||
|---|---|---|---|
| 005 | 20240823033213.0 | ||
| 008 | 240823s9999||||xx |||||||||||||| ||und|| | ||
| 041 | _aENGLISH | ||
| 082 | _A808.831q1 | ||
| 100 | _aKallipatty Kuppusamy | ||
| 245 | 0 | _aKalathey vendu kaviyamana anna | |
| 250 | _a1st | ||
| 260 |
_c2011 _bKalishwari Pathi |
||
| 500 | _aYES | ||
| 650 |
_aStory _bGeneral |
||
| 942 | _cBK | ||
| 999 |
_c195261 _d195261 |
||